| 000 | 00992nam a2200217 a 4500 | ||
|---|---|---|---|
| 008 | 120416s1996 ||||||||||||||||| || u | ||
| 020 | _a9290663103 | ||
| 050 | _aICRISAT(02) | ||
| 100 | _aManthe, C. S | ||
| 245 | 1 | 0 |
_aDrought-tolerant crops for Southern Africa : proceedings of the SADC/ICRISAT Regional Sorghum and Pearl Millet Workshop, 25-29 Jul. 1994, Gaborone, Botswana / _cedited by K. Leuschner |
| 260 |
_aAndhra Pradesh _bICRISAT _c1996. |
||
| 300 | _axiii, 358p. : ill. | ||
| 350 | _a0.00 | ||
| 650 | _aSORGHUM--AFRICA, SOUTHERN--CONGRESSES | ||
| 650 | _aPEARL MILLET--AFRICA, SOUTHERN--CONGRESSES | ||
| 650 | _aYAMS | ||
| 700 | _aLeuschner, K | ||
| 710 | _aSADC/ICRISAT Regional Sorghum and Pearl Millet Workshop (1994 : Gaborone, Botswana) | ||
| 710 | _aInternational Crops Research Institute for the Semi-arid Tropics | ||
| 995 |
_D0.00 _FCBU-MAIN LIBRARY (Kitwe) _H1 _I0.00 _M1 _UAVAILABLE _ZInternational Publications |
||
| 999 |
_c40508 _d40508 |
||